[Event "2. liga D 17/18, Zdar nad Sazavou-Eurobit"]
[Site ""]
[Date "2017.11.05"]
[Round "2.7"]
[White "Cely, Jaroslav"]
[Black "Kraus, Ondrej"]
[WhiteElo "2015"]
[BlackElo "1974"]
[Result "1-0"]
[PlyCount "97"]

1. e4 Nf6 2. e5 Nd5 3. d4 d6 4. Nf3 Nd7 5. Be2 e6 6.
O-O dxe5 7. dxe5 c5 8. c4 Nb4 9. Nc3 Be7 10. Bf4 h5 11. Qd2 Nf8 12. Qxd8+ Kxd8
13. Ng5 Ke8 14. Nb5 Na6 15. Bd3 Bd7 16. Rad1 Bxb5 17. cxb5 Nc7 18. Be4 Rb8 19.
a4 h4 20. h3 Nd7 21. Nxf7 Kxf7 22. Rxd7 Nd5 23. Bxd5 exd5 24. Bg5 Rhe8 25. Bxe7
Rxe7 26. Rxd5 b6 27. f4 Ke6 28. Rd6+ Kf5 29. Rf3 Ke4 30. Kf2 Rf8 31. g3 hxg3+
32. Kxg3 Rxe5 33. Rdd3 Ree8 34. Rfe3+ Kf5 35. Rd5+ Kf6 36. Rd6+ Kf5 37. Rd5+
Kf6 38. Rxe8 Rxe8 39. Rd7 Re3+ 40. Kg4 Rb3 41. Rxa7 Rxb2 42. Rb7 Ke6 43. Rxb6+
Kd5 44. a5 c4 45. a6 Ra2 46. Rc6 Ra5 47. Rc8 Kd4 48. b6 Rxa6 49. b7 1-0

[Event "2. liga D 17/18, Zdar nad Sazavou-Eurobit"]
[Site ""]
[Date "2017.11.05"]
[Round "2.8"]
[White "Vesely, Tomas"]
[Black "Svoboda, Ivo"]
[WhiteElo "2055"]
[BlackElo "1911"]
[Result "1-0"]
[PlyCount "119"]

1. e4 c5 2. Nf3 e6 3. b3 Nc6 4. Bb2 d6 5. Bb5 Bd7 6.
O-O Nf6 7. Qe2 Be7 8. e5 dxe5 9. Bxc6 Bxc6 10. Nxe5 Qc7 11. f4 O-O 12. d3 Rfe8
13. Nc3 b5 14. Nxc6 Qxc6 15. a4 a6 16. Qf3 Qxf3 17. Rxf3 Nd5 18. Ne4 Red8 19.
g4 Nb4 20. Rc1 Rac8 21. axb5 axb5 22. f5 c4 23. f6 gxf6 24. Nxf6+ Bxf6 25. Bxf6
Rd7 26. bxc4 bxc4 27. d4 Nd5 28. Be5 f6 29. Bxf6 Nxf6 30. Rxf6 Rxd4 31. h3 Re8
32. Re1 Rd2 33. Rf2 Rd4 34. Re5 Kg7 35. Rg5+ Kh8 36. Re5 Kg7 37. Kg2 h6 38. Kg3
Re7 39. Rf4 Rd5 40. Ree4 e5 41. Rf5 Rd4 42. Kf3 c3 43. Rfxe5 Rf7+ 44. Kg2 Rd2+
45. Re2 Rfd7 46. R5e3 Rc7 47. Kf2 Rd1 48. Re7+ Rxe7 49. Rxe7+ Kf6 50. Re3 Rd2+
51. Re2 Rd1 52. Kf3 Rh1 53. Kg3 Rc1 54. Kf4 Rf1+ 55. Ke4 Kg5 56. Re3 Kh4 57.
Rxc3 h5 58. gxh5 Kxh5 59. Rf3 Rc1 60. c3 1-0

[Event "2. liga D 17/18, Namest nad Oslavou-Vysoke Myto"]
[Site ""]
[Date "2017.11.05"]
[Round "2.1"]
[White "Mejzlik, Vojtech"]
[Black "Nemec, Pavel"]
[WhiteElo "2180"]
[BlackElo "2221"]
[Result "1/2-1/2"]
[PlyCount "120"]

1. c4 c5 2. Nc3 Nc6 3. g3 b6 4. Bg2 Bb7 5. e4 g6 6. Nge2 Bg7 7. d3 d6 8. f4 e6
9. Be3 Nf6 10. h3 O-O 11. Qd2 a6 12. O-O Ne8 13. f5 Nd4 14. fxe6 Nxe6 15. Nf4
N8c7 16. Ncd5 Nxd5 17. Nxd5 Bxd5 18. exd5 Nd4 19. Rae1 Nf5 20. Bf4 Qd7 21. Re4
Rae8 22. Rfe1 Rxe4 23. Rxe4 Rd8 24. b3 Bd4+ 25. Kh2 Ng7 26. Qe1 Re8 27. Bf3 f5
28. Rxe8+ Qxe8 29. Qd2 Qe7 30. a3 a5 31. b4 axb4 32. axb4 Ne8 33. bxc5 bxc5 34.
Bd1 Nf6 35. Qa5 Be5 36. Bh6 Kf7 37. Kg2 Ng8 38. Bd2 Qf6 39. Qc7+ Qe7 40. Qxe7+
Kxe7 41. Kf3 Kf6 42. h4 h6 43. Ba4 g5 44. hxg5+ hxg5 45. g4 Nh6 46. gxf5 g4+
47. Ke4 Nxf5 48. Bd7 Ng3+ 49. Ke3 Kg5 50. Kf2+ Kh4 51. Kg2 Nh5 52. Be8 Nf6 53.
Bg6 Nd7 54. Be8 Nf8 55. Bf7 Nh7 56. Be8 Nf6 57. Bg6 Nh5 58. Be8 Ng3 59. Be1 Bf4
60. Bf2 Be5 1/2-1/2

[Event "2. liga D 17/18, Namest nad Oslavou-Vysoke Myto"]
[Site ""]
[Date "2017.11.05"]
[Round "2.2"]
[White "Sabol, Marian"]
[Black "Walek, Petr"]
[WhiteElo "2358"]
[BlackElo "2168"]
[Result "1-0"]
[PlyCount "71"]

1. d4 Nf6 2. Bg5 Ne4 3. Bf4 c5 4. f3 Qa5+ 5. c3 Nf6 6. dxc5 Qxc5 7. e4 d5 8. b4
Qc6 9. e5 Nfd7 10. Ne2 a6 11. Bg3 e6 12. f4 Be7 13. Nd4 Qc7 14. Bd3 Nc6 15. O-O
Nxd4 16. cxd4 Bxb4 17. f5 Nb6 18. a3 Bf8 19. Nd2 Bd7 20. Rc1 Qd8 21. Qh5 Bxa3
22. Bh4 Be7 23. f6 gxf6 24. Bxf6 Bxf6 25. Rxf6 Rf8 26. Bxh7 Qe7 27. Nf3 Kd8 28.
Ng5 Be8 29. Qh6 Nd7 30. Nxe6+ fxe6 31. Rxe6 Rf6 32. Rxf6 Nxf6 33. exf6 Qf7 34.
Bg8 Qxg8 35. f7 Bxf7 36. Qd6+ 1-0

[Event "2. liga D 17/18, Namest nad Oslavou-Vysoke Myto"]
[Site ""]
[Date "2017.11.05"]
[Round "2.3"]
[White "Skaroupka, Jiri"]
[Black "Grundman, Vaclav"]
[WhiteElo "2169"]
[BlackElo "1981"]
[Result "1-0"]
[PlyCount "145"]

1. Nf3 Nf6 2. c4 g6 3. g3 d6 4. d4 Nbd7 5. Bg2 c5 6. O-O Bg7 7. Nc3 O-O 8. d5
Ng4 9. Qc2 e6 10. dxe6 fxe6 11. Bg5 Qb6 12. Rad1 Ndf6 13. e4 a6 14. h3 Nh6 15.
Rd2 Nf7 16. Bf4 Qc7 17. Rfd1 Ne8 18. h4 e5 19. Be3 Bg4 20. Rb1 Nf6 21. Ng5 Rad8
22. f3 Bc8 23. Rbd1 h6 24. Nxf7 Rxf7 25. Rd3 Bf8 26. a4 Be6 27. b3 Kh7 28. Kh2
Rdd7 29. Bh3 Bxh3 30. Kxh3 Nh5 31. Kg2 Qd8 32. Bf2 Qe8 33. Nd5 Nf6 34. Nxf6+
Rxf6 35. Bxc5 Rdf7 36. Ba3 d5 37. Bxf8 dxe4 38. fxe4 Qxf8 39. Rd7 Qc8 40. Qd2
Qc5 41. Rxf7+ Rxf7 42. Rf1 Rxf1 43. Kxf1 Qc8 44. Qd5 Qh3+ 45. Kf2 Qh2+ 46. Kf3
h5 47. Qxe5 Qh1+ 48. Ke2 Qg2+ 49. Ke3 Qg1+ 50. Kd2 Qf2+ 51. Kd3 Qf3+ 52. Kc2
Qe2+ 53. Kc3 Qe1+ 54. Kb2 Qd2+ 55. Ka3 Qc1+ 56. Kb4 Qd2+ 57. Kc5 Qa5+ 58. Kd4
Qd2+ 59. Kc5 Qa5+ 60. Kd6 Qb6+ 61. Kd7 Qxb3 62. Qe7+ Kh6 63. Qf8+ Kh7 64. Qf7+
Kh6 65. Qf4+ Kh7 66. Qf7+ Kh6 67. Ke8 Qb2 68. Qf4+ Kg7 69. e5 Qb3 70. Qf7+ Kh8
71. Kf8 Qa3+ 72. Qe7 Qf3+ 73. Qf6+ 1-0

[Event "2. liga D 17/18, Namest nad Oslavou-Vysoke Myto"]
[Site ""]
[Date "2017.11.05"]
[Round "2.4"]
[White "Kosek, Jiri"]
[Black "Miculka, David"]
[WhiteElo "2115"]
[BlackElo "2084"]
[Result "0-1"]
[PlyCount "76"]

1. d4 f5 2. e4 fxe4 3. Nc3 Nf6 4. Bg5 Nc6 5. d5 Ne5 6. Qd4 Nf7 7. Bxf6 exf6 8.
Nxe4 Be7 9. O-O-O O-O 10. f4 f5 11. Ng3 Bf6 12. Qd2 g6 13. Nf3 Bg7 14. h4 Qf6
15. c3 d6 16. h5 Bd7 17. hxg6 hxg6 18. Bc4 b5 19. Bb3 a5 20. Ne2 a4 21. Bc2 b4
22. Ned4 Ra5 23. c4 Rb8 24. b3 c5 25. dxc6 Bxc6 26. Ng5 axb3 27. Bxb3 d5 28.
Nge6 dxc4 29. Bxc4 Bd5 30. Bxd5 Rxd5 31. Nxg7 Qxg7 32. Rh3 Nd6 33. Qe3 Rc8+ 34.
Kb1 Ne4 35. Qb3 Qf7 36. Rdd3 Nf2 37. Nxf5 Rxf5 38. Rhg3 Nxd3 0-1

[Event "2. liga D 17/18, Namest nad Oslavou-Vysoke Myto"]
[Site ""]
[Date "2017.11.05"]
[Round "2.5"]
[White "Dittrich, Pavel"]
[Black "Dosedel, Jiri"]
[WhiteElo "2241"]
[BlackElo "2064"]
[Result "1/2-1/2"]
[PlyCount "127"]

1. d4 Nf6 2. Bg5 h6 3. Bxf6 exf6 4. c4 d5 5. e3 c6 6. Nc3 dxc4 7. Bxc4 Bd6 8.
Nf3 O-O 9. O-O Bg4 10. Re1 Nd7 11. Rc1 Qa5 12. h3 Bh5 13. Be2 Rad8 14. Nd2 Bxe2
15. Rxe2 Nb6 16. Nce4 Be7 17. Nb3 Qb5 18. Nec5 Na4 19. Nxa4 Qxa4 20. Qd3 Rd7
21. Rec2 Rfd8 22. a3 Rd5 23. Nc5 Bxc5 24. Rxc5 Rxc5 25. Rxc5 g6 26. Rc4 Qb5 27.
Qc2 Qd5 28. b4 a6 29. a4 f5 30. Rc5 Qd7 31. Qc4 Qe6 32. Qc2 Rd5 33. a5 Qe4 34.
Qb3 f4 35. Rxd5 cxd5 36. Qc3 fxe3 37. fxe3 Qe6 38. Kf2 Kg7 39. Qc7 Qc6 40. Qb8
Qc2+ 41. Kg3 Qe4 42. Kf2 Qe7 43. Ke2 g5 44. Qg3 Kg6 45. Qb8 Kh5 46. g4+ Kg6 47.
Qg8+ Kf6 48. Qh8+ Kg6 49. Qg8+ Kf6 50. Qh7 Qf8 51. Kd3 Ke6 52. Qf5+ Kd6 53.
Qe5+ Kc6 54. Kc3 Qd6 55. Qe8+ Qd7 56. Qf8 Qe6 57. Qc5+ Kd7 58. Kd2 Qd6 59.
Qxd6+ Kxd6 60. Kd3 Kc6 61. e4 Kd6 62. e5+ Kc6 63. Kc3 b5 64. Kd3 1/2-1/2

[Event "2. liga D 17/18, Namest nad Oslavou-Vysoke Myto"]
[Site ""]
[Date "2017.11.05"]
[Round "2.6"]
[White "Ptacek, Lubos"]
[Black "Miculka, Petr"]
[WhiteElo "2070"]
[BlackElo "2020"]
[Result "1/2-1/2"]
[PlyCount "141"]

1. e4 c5 2. Nf3 Nc6 3. Nc3 Nf6 4. d3 d6 5. Be2 g6 6. O-O Bg7 7. Be3 O-O 8. h3
Bd7 9. Qd2 Rb8 10. Bh6 Qc8 11. Bxg7 Kxg7 12. Nh2 b5 13. f4 b4 14. Nd1 Nd4 15.
Ne3 Qa6 16. e5 Ne4 17. dxe4 Qxe2 18. Rf2 Qxd2 19. Rxd2 Bc6 20. exd6 Bxe4 21.
dxe7 Rfe8 22. Re1 f5 23. Kf2 Rxe7 24. Rc1 Reb7 25. Nc4 Bd5 26. Ne5 Bxa2 27.
Nhf3 Nxf3 28. Kxf3 Be6 29. Re1 Re8 30. Red1 Rc7 31. Rd6 Bc8 32. Kf2 Ree7 33.
Rd8 c4 34. R1d4 Ba6 35. R4d6 Bb5 36. Rb8 Rb7 37. Ra8 c3 38. b3 Re8 39. Rxe8
Bxe8 40. Ke3 a5 41. Ra6 a4 42. bxa4 b3 43. cxb3 Rxb3 44. Kd3 Ra3 45. Ra7+ Kf6
46. Ra6+ Ke7 47. Nc4 Rxa4 48. Rxa4 Bxa4 49. Kxc3 Bc6 50. g3 Kf6 51. Kd4 h6 52.
Ne5 Bg2 53. h4 g5 54. Nd7+ Ke6 55. Nc5+ Kf6 56. Nd7+ Ke6 57. Ne5 gxh4 58. gxh4
Bf1 59. Kc5 Ke7 60. Nf3 Bg2 61. Nd4 Be4 62. Nc6+ Kf6 63. Kd6 Bxc6 64. Kxc6 Kg6
65. Kd5 Kh5 66. Ke5 Kxh4 67. Kxf5 Kg3 68. Ke5 h5 69. f5 h4 70. f6 h3 71. f7
1/2-1/2

[Event "2. liga D 17/18, Namest nad Oslavou-Vysoke Myto"]
[Site ""]
[Date "2017.11.05"]
[Round "2.7"]
[White "Mrazik, Tomas"]
[Black "Danek, Pavel"]
[WhiteElo "1949"]
[BlackElo "1942"]
[Result "1-0"]
[PlyCount "80"]

1. e4 e6 2. d4 d5 3. e5 c5 4. Nf3 Qb6 5. Bd3 Bd7 6. O-O Bb5 7. Bxb5+ Qxb5 8. b3
Nd7 9. Bb2 Ne7 10. c4 dxc4 11. Na3 Qa6 12. bxc4 Ng6 13. d5 Be7 14. Qb3 O-O 15.
Rad1 Nb6 16. Nb5 Qa4 17. dxe6 fxe6 18. Nc7 Rac8 19. Nxe6 Rfe8 20. Qxa4 Nxa4 21.
Ba1 h6 22. Rd7 Rc6 23. Nc7 Nb6 24. Nxe8 Nxd7 25. Rd1 Ngf8 26. Nd6 Bxd6 27. exd6
Kf7 28. Ne5+ Nxe5 29. Bxe5 Nd7 30. Bg3 Rc8 31. f3 Re8 32. a4 b6 33. a5 Rb8 34.
axb6 axb6 35. Ra1 Rb7 36. Ra8 b5 37. Rc8 Ke6 38. Re8+ Kf6 39. cxb5 Rxb5 40. Re7
Rb1+ 1-0

[Event "2. liga D 17/18, Namest nad Oslavou-Vysoke Myto"]
[Site ""]
[Date "2017.11.05"]
[Round "2.8"]
[White "Lipavsky, Dusan"]
[Black "Halbrstat, Petr"]
[WhiteElo "1934"]
[BlackElo "1564"]
[Result "1/2-1/2"]
[PlyCount "158"]

1. e4 e6 2. d4 d5 3. exd5 exd5 4. Bd3 Nf6 5. Nf3 Bd6 6. h3 h6 7. O-O O-O 8. c3
b6 9. Be3 c5 10. Nbd2 Be6 11. Ne5 Nbd7 12. f4 cxd4 13. cxd4 Nb8 14. Rc1 Bc8 15.
Qf3 Ba6 16. Bxa6 Nxa6 17. a3 Rc8 18. Ng4 Nxg4 19. hxg4 Be7 20. Rxc8 Qxc8 21.
Qxd5 Rd8 22. Qc4 Qb7 23. Nf3 Nc7 24. Ne5 Nd5 25. Bd2 Rc8 26. Qd3 Bf6 27. Rc1
Rxc1+ 28. Bxc1 Bxe5 29. fxe5 Qc6 30. Bd2 Qd7 31. g5 Qg4 32. gxh6 Qd1+ 33. Kh2
gxh6 34. Qg3+ Kh7 35. Qf2 Qh5+ 36. Kg1 Qd1+ 37. Be1 Kg6 38. Qg3+ Kh7 39. Kh2
Qxd4 40. Bc3 Qf4 41. Qxf4 Nxf4 42. Kg3 Ne6 43. Kg4 Kg6 44. Kh4 b5 45. g4 Nf4
46. Bd4 a6 47. Bc3 h5 48. gxh5+ Nxh5 49. Kg4 Ng7 50. Kf4 Ne6+ 51. Ke4 Kg7 52.
Kd5 Kf8 53. Kc6 Ke8 54. Kb6 Kd7 55. Kxa6 Kc6 56. Ka5 Nc7 57. Be1 Nd5 58. Bh4
Nf4 59. Bg3 Nd3 60. b3 Nc5 61. Kb4 Nd3+ 62. Kc3 Nc5 63. Bh2 Ne4+ 64. Kd3 Nc5+
65. Kc3 Ne4+ 66. Kb4 Nc5 67. a4 bxa4 68. bxa4 Na6+ 69. Kc4 Nc7 70. a5 Na6 71.
Bg1 Nb8 72. Bc5 Na6 73. Bd6 f5 74. exf6 Kxd6 75. f7 Ke7 76. Kb5 Nc7+ 77. Kb6
Nd5+ 78. Kc6 Nb4+ 79. Kb5 Nd5 1/2-1/2

[Event "2. liga D 17/18, Vysoke Myto-CHS Chotebor"]
[Site ""]
[Date "2017.11.19"]
[Round "3.1"]
[White "Nemec, Pavel"]
[Black "Vyprachticky, David"]
[WhiteElo "2221"]
[BlackElo "2249"]
[Result "0-1"]
[PlyCount "120"]

1. e4 e5 2. Nf3 Nc6 3. Bb5 a6 4. Ba4 Nf6 5. O-O Be7 6. Re1 b5 7. Bb3 O-O 8. Nc3
d6 9. h3 Na5 10. d3 Re8 11. Bd2 Bf8 12. Nd5 Nxb3 13. axb3 Nxd5 14. exd5 Bb7 15.
c4 c6 16. dxc6 Bxc6 17. d4 Qb8 18. d5 Bd7 19. Ra2 Rc8 20. Qc2 Qb7 21. Rea1 bxc4
22. bxc4 Qxd5 23. Ng5 g6 24. Qxg6+ hxg6 25. cxd5 Rc2 26. Bc3 Bb5 27. Ra5 Rc8
28. Re1 Be7 29. f4 Rc4 30. Ne4 f5 31. Nxd6 Bxd6 32. fxe5 Bc5+ 33. Kh1 Rf4 34.
e6 Kf8 35. Bf6 Be7 36. Bxe7+ Kxe7 37. d6+ Kxd6 38. Rxb5 axb5 39. e7 Rf1+ 40.
Rxf1 Kxe7 41. b4 Rb2 42. Rf4 Ke6 43. h4 Rc2 44. Kh2 Rc4 45. Kg3 Ke5 46. Rf1
Rxb4 47. Ra1 Rg4+ 48. Kh3 b4 49. Ra5+ Ke4 50. Rb5 Kd3 51. h5 Kc4 52. Re5 gxh5
53. Rxf5 b3 54. Rxh5 Rd4 55. Rh8 b2 56. Rb8 Kc3 57. Rxb2 Kxb2 58. g4 Kc3 59.
Kh4 Kc4 60. Kg5 Kd5 0-1

[Event "2. liga D 17/18, Vysoke Myto-CHS Chotebor"]
[Site ""]
[Date "2017.11.19"]
[Round "3.2"]
[White "Tuma, Jiri"]
[Black "Sabol, Marian"]
[WhiteElo "2264"]
[BlackElo "2358"]
[Result "1/2-1/2"]
[PlyCount "146"]

1. e4 c5 2. b4 cxb4 3. a3 d5 4. exd5 Qxd5 5. Nf3 e5 6. c4 Qe4+ 7. Be2 Nc6 8.
O-O Nf6 9. d4 Bf5 10. dxe5 Nd7 11. Bb2 Nc5 12. axb4 Nxb4 13. Nc3 Qc2 14. Nd5
Nxd5 15. Qxc2 Bxc2 16. cxd5 Bd3 17. Rfe1 Bxe2 18. Rxe2 Be7 19. Nd4 Nd3 20. g3
Bc5 21. Nb3 Bb6 22. Bd4 Bxd4 23. Nxd4 Nb4 24. Rb2 Nxd5 25. Rxb7 O-O 26. Raxa7
Rxa7 27. Rxa7 Re8 28. f4 g5 29. Ra5 Ne3 30. fxg5 Nc4 31. Rc5 Nxe5 32. h4 Ng4
33. Nf5 f6 34. gxf6 Nxf6 35. Kg2 Ng4 36. Nd6 Re5 37. Rxe5 Nxe5 38. Kf2 Kg7 39.
Ke3 Kf6 40. Kf4 Nd3+ 41. Kg4 Kg6 42. h5+ Kf6 43. Ne4+ Kg7 44. Kf5 Nb4 45. Kg5
Nd5 46. Nd6 Ne7 47. h6+ Kf8 48. Ne4 Nd5 49. Kf5 Kf7 50. Ng5+ Kg8 51. Ne6 Kf7
52. Nd8+ Ke8 53. Nb7 Ke7 54. g4 Ne3+ 55. Kg5 Ke6 56. Nd8+ Ke7 57. Nc6+ Ke6 58.
Nd4+ Kf7 59. Kh5 Kf6 60. g5+ Kf7 61. Nf3 Nd5 62. Kg4 Ne3+ 63. Kf4 Nd5+ 64. Ke4
Ne7 65. Ke5 Kg6 66. Kf4 Nd5+ 67. Kg4 Ne3+ 68. Kf4 Nd5+ 69. Ke4 Ne7 70. Ke5 Ng8
71. Kf4 Nxh6 72. Ne5+ Kg7 73. gxh6+ Kxh6 1/2-1/2

[Event "2. liga D 17/18, Vysoke Myto-CHS Chotebor"]
[Site ""]
[Date "2017.11.19"]
[Round "3.3"]
[White "Grundman, Vaclav"]
[Black "Vala, Filip"]
[WhiteElo "1981"]
[BlackElo "2225"]
[Result "0-1"]
[PlyCount "42"]

1. e4 d6 2. d4 Nf6 3. Nc3 g6 4. Be3 c6 5. Nf3 b5 6. a3 Nbd7 7. e5 Ng4 8. Bf4
dxe5 9. dxe5 Qb6 10. Qe2 Nc5 11. h3 Ne6 12. hxg4 Nxf4 13. Qe4 Ne6 14. Bxb5 Bb7
15. Ba4 O-O-O 16. b4 c5 17. Qc4 Bg7 18. Ne4 Bd5 19. Qe2 Nf4 20. bxc5 Qa5+ 21.
Qd2 Qxa4 0-1

[Event "2. liga D 17/18, Vysoke Myto-CHS Chotebor"]
[Site ""]
[Date "2017.11.19"]
[Round "3.4"]
[White "Ondracek, Ondrej"]
[Black "Trhal, Tomas"]
[WhiteElo "2106"]
[BlackElo "2076"]
[Result "1/2-1/2"]
[PlyCount "141"]

1. e4 c5 2. Nf3 d6 3. d4 cxd4 4. Nxd4 Nf6 5. Nc3 a6 6. g3 e5 7. Nde2 Be7 8. Bg2
O-O 9. O-O Nbd7 10. h3 b5 11. g4 Bb7 12. Ng3 b4 13. Nd5 Nxd5 14. exd5 g6 15.
Bh6 Re8 16. Qd2 a5 17. a3 bxa3 18. Rxa3 Nc5 19. b3 Qb6 20. Rfa1 a4 21. b4 Nd7
22. Rxa4 Rxa4 23. Rxa4 Ba6 24. Be3 Qb7 25. c3 Nb6 26. Bxb6 Qxb6 27. Qe3 Qb7 28.
g5 f5 29. gxf6 Bxf6 30. Ne4 Be7 31. Qg3 Rf8 32. Qg4 Rf5 33. Ng3 Rf6 34. c4 Qb6
35. Ne4 Rf5 36. b5 Bc8 37. Qe2 Qd4 38. Ra8 Rf8 39. Ra3 Bf5 40. Ng3 Bh4 41. Nxf5
Rxf5 42. Rf3 Rxf3 43. Bxf3 Bd8 44. Be4 Bb6 45. Kg2 Kg7 46. Bd3 Bc5 47. Be4 Bb6
48. Bd3 Bc5 49. Qf3 Qf4 50. Bf1 Qxf3+ 51. Kxf3 Kf6 52. Bd3 Bb6 53. Be4 Bc5 54.
Kg3 Bb6 55. h4 h6 56. Bc2 g5 57. h5 Bc5 58. f3 Bb6 59. Be4 Bc5 60. Kh3 Bb6 61.
Kg2 Ke7 62. Kf1 Bc5 63. Ke2 Bb6 64. Kd3 Bc5 65. Bg6 Bb6 66. Ke4 Kf6 67. Be8 Bc5
68. Bd7 Bb6 69. Be6 Bc5 70. Bc8 Bb6 71. Bg4 1/2-1/2

[Event "2. liga D 17/18, Vysoke Myto-CHS Chotebor"]
[Site ""]
[Date "2017.11.19"]
[Round "3.5"]
[White "Kosek, Jiri"]
[Black "Tuma, Jan"]
[WhiteElo "2115"]
[BlackElo "2068"]
[Result "1-0"]
[PlyCount "63"]

1. c4 e5 2. Nc3 Nf6 3. e4 g6 4. Nf3 d6 5. d4 Nbd7 6. Be2 Bg7 7. O-O h6 8. h3 c6
9. Be3 Qc7 10. Rc1 Nf8 11. dxe5 dxe5 12. Bc5 N6d7 13. Bd6 Qd8 14. c5 Ne6 15. b4
g5 16. Bc4 b5 17. Bxe6 fxe6 18. Nd4 Qf6 19. Nxc6 a6 20. a4 Kf7 21. axb5 axb5
22. Be7 Qg6 23. Nxb5 Nb8 24. Nd6+ Kg8 25. Na5 Ba6 26. b5 Bxb5 27. Nxb5 Qxe4 28.
Nd6 Qb4 29. Nac4 Nc6 30. Qf3 Nxe7 31. Qxa8+ Kh7 32. Qe4+ 1-0

[Event "2. liga D 17/18, Vysoke Myto-CHS Chotebor"]
[Site ""]
[Date "2017.11.19"]
[Round "3.6"]
[White "Petrus, Ludek"]
[Black "Dosedel, Jiri"]
[WhiteElo "1961"]
[BlackElo "2064"]
[Result "0-1"]
[PlyCount "62"]

1. e4 d6 2. d4 Nf6 3. Nc3 g6 4. f3 Bg7 5. Be3 O-O 6. Qd2 e5 7. d5 c5 8. O-O-O
a6 9. g4 b5 10. Kb1 b4 11. Nce2 Nbd7 12. h4 h5 13. Ng3 hxg4 14. Be2 Nh5 15.
Nxh5 gxh5 16. fxg4 Nf6 17. gxh5 Nxe4 18. Qe1 f5 19. Nf3 f4 20. Bc1 Ng3 21. Rg1
Qf6 22. Rxg3 fxg3 23. Bg5 Qf7 24. Qxg3 Kh8 25. Rg1 Rg8 26. Nd2 Bf5 27. Rf1 Raf8
28. Bd3 Qxh5 29. Ne4 Bxe4 30. Rxf8 Rxf8 31. Bxe4 Rf1+ 0-1

[Event "2. liga D 17/18, Vysoke Myto-CHS Chotebor"]
[Site ""]
[Date "2017.11.19"]
[Round "3.7"]
[White "Ptacek, Lubos"]
[Black "Jun, Rudolf"]
[WhiteElo "2070"]
[BlackElo "1933"]
[Result "1-0"]
[PlyCount "61"]

1. e4 c5 2. Nf3 e6 3. Nc3 d6 4. d4 cxd4 5. Nxd4 Nf6 6. Be2 a6 7. O-O Be7 8. f4
Nc6 9. Nxc6 bxc6 10. Qe1 O-O 11. Qg3 g6 12. f5 exf5 13. exf5 d5 14. Bd3 Nh5 15.
Qf3 Nf6 16. Bh6 Re8 17. Rae1 Bc5+ 18. Kh1 Rxe1 19. Rxe1 Bd4 20. Bg5 Kg7 21. Qf4
c5 22. fxg6 hxg6 23. Rf1 Be6 24. Ne2 Nh5 25. Qh4 f6 26. Nxd4 cxd4 27. Qxd4 Kh7
28. Bxf6 Qd7 29. Qh4 Bg4 30. h3 Bf5 31. Bxf5 1-0

[Event "2. liga D 17/18, Vysoke Myto-CHS Chotebor"]
[Site ""]
[Date "2017.11.19"]
[Round "3.8"]
[White "Hospodka, Josef"]
[Black "Danek, Pavel"]
[WhiteElo "1949"]
[BlackElo "1942"]
[Result "1/2-1/2"]
[PlyCount "160"]

1. e4 e6 2. c4 d5 3. exd5 exd5 4. cxd5 Qxd5 5. Nc3 Qd8 6. Bc4 Be6 7. Bxe6 Qe7
8. Qe2 Qxe6 9. Qxe6+ fxe6 10. Nf3 Nc6 11. O-O h6 12. Re1 Kd7 13. d4 Nf6 14. Bf4
Bd6 15. Be5 Nb4 16. Rad1 Rhg8 17. h4 Nbd5 18. Ne4 b6 19. a3 Ng4 20. Rd2 Raf8
21. Rde2 Rf5 22. Ng3 Rf7 23. Bxd6 cxd6 24. Rxe6 Nf4 25. R6e4 Nxf2 26. Kxf2 Nd3+
27. Ke2 Nxe1 28. Kxe1 Re8 29. Rxe8 Kxe8 30. Ke2 Kd7 31. Ke3 Kc6 32. Ne2 Kb5 33.
b3 Rc7 34. Kd3 Kc6 35. Nc3 a6 36. d5+ Kd7 37. Nd4 g6 38. Ne6 Rc8 39. g4 b5 40.
g5 hxg5 41. hxg5 Ke7 42. Ne2 Kf7 43. Kd2 Ke7 44. N2d4 Kf7 45. Nc2 Ke7 46. Nb4
a5 47. Nc2 Rh8 48. Ncd4 Rh2+ 49. Kd3 Rh3+ 50. Ke4 a4 51. bxa4 bxa4 52. Nb5 Rb3
53. Ned4 Rg3 54. Kf4 Rd3 55. Ke4 Rg3 56. Nf3 Rg2 57. Kd3 Rb2 58. Kc4 Rb3 59.
Nfd4 Rg3 60. Ne6 Rb3 61. Ned4 Rg3 62. Nc3 Rxg5 63. Nxa4 Rg1 64. Nb6 Rb1 65.
Nc8+ Kd7 66. Na7 Rf1 67. Ne6 Rf5 68. Nc6 g5 69. Ncd4 Re5 70. Nf8+ Ke8 71. Nfe6
g4 72. a4 Re3 73. Nf5 Ra3 74. Kb4 Rd3 75. Nxd6+ Ke7 76. Ne4 Rxd5 77. N6c5 Rd4+
78. Kb5 Rxa4 79. Kxa4 g3 80. Nxg3 Kd6 1/2-1/2

[Event "2. liga D 17/18, Eurobit-Namest nad Oslavou"]
[Site ""]
[Date "2017.11.19"]
[Round "3.1"]
[White "Smutny, Jan"]
[Black "Kratochvil, Vit"]
[WhiteElo "2179"]
[BlackElo "2214"]
[Result "0-1"]

1.e4 c5 2.c3 d6 3.d4 Qc7 4.Nf3 Bg4 5.Bc4 Nf6 6.dxc5 dxc5 7.O-O Nc6 8.Ng5 
e6 9.f3 Bh5 10.Na3 a6 11.g4 Bg6 12.Nh3 Bd6 13.Rf2 Rd8 14.Qe1 b5 15.Bf1 c4 
16.g5 Nd7 17.Nc2 Bc5 18.Be3 Nce5 19.Nd4 Bd6 20.f4 Ng4 21.Rg2 Nxe3 22.Qxe3 
e5 23.f5 Bh5 24.Kh1 Bc5 25.Qg3 Qb7 26.Qh4 g6 27.Ne2 Bf3 28.Ng3 Nf8 29.Qh6 
Rg8 30.Be2 Bxg2+ 31.Kxg2 gxf5 32.Nh5 Qxe4+ 33.Bf3 Qc2+ 34.Kh1 Rg6 35.Nf6+ 
Ke7 36.Qh4 Rd2 37.Qg3 Bd6 38.Re1 Ne6 39.Nd5+ Rxd5 40.Bxd5 e4 41.Qg1 Nc7 
42.Bc6 Qxb2 43.Nf2 Qxc3 0-1

[Event "2. liga D 17/18, Eurobit-Namest nad Oslavou"]
[Site ""]
[Date "2017.11.19"]
[Round "3.2"]
[White "Mejzlik, Vojtech"]
[Black "Malivanek, Jiri"]
[WhiteElo "2180"]
[BlackElo "2090"]
[Result "1/2-1/2"]

1.c4 Nf6 2.Nc3 d6 3.g3 g6 4.Bg2 Bg7 5.e4 c5 6.Nge2 Nc6 7.d3 O-O 8.O-O e5 
9.f4 Nd4 10.Nxd4 exd4 11.Nd5 Nxd5 12.exd5 Bd7 13.Be4 Bh3 14.Bg2 Bd7 15.a4 
Re8 16.Bd2 a5 17.Be4 Bh3 18.Rf2 Qd7 19.Qb3 h5 20.Qb5 Qxb5 21.axb5 f5 22.
Bf3 b6 23.Re2 Rxe2 24.Bxe2 Bf6 25.Kf2 Re8 26.Bf3 1/2-1/2

[Event "2. liga D 17/18, Eurobit-Namest nad Oslavou"]
[Site ""]
[Date "2017.11.19"]
[Round "3.3"]
[White "Vavra, Radim"]
[Black "Skaroupka, Jiri"]
[WhiteElo "2058"]
[BlackElo "2169"]
[Result "1/2-1/2"]

1.e4 e5 2.Nf3 Nc6 3.Bc4 Bc5 4.c3 Qe7 5.O-O Bb6 6.Re1 Nf6 7.Bb3 d6 8.d3 Be6
9.Nbd2 h6 10.Nc4 O-O 11.h3 Qd8 12.a4 Bxc4 13.Bxc4 a6 14.b4 Ne7 15.Nh4 c6 
16.Bb3 Kh7 17.Qf3 Qd7 18.g4 d5 19.g5 Nfg8 20.Nf5 Nxf5 21.exf5 f6 22.g6+ 
Kh8 23.Be3 Bc7 24.Qh5 Rfe8 25.Bd1 d4 26.Bd2 dxc3 27.Bxc3 Ne7 28.Bg4 Nd5 
29.Bd2 Nf4 30.Bxf4 exf4 31.Re6 Rxe6 32.fxe6 Qd6 33.Qf5 Re8 34.Re1 Re7 35.
Qc5 Qxc5 36.bxc5 Kg8 37.Kg2 Be5 38.Kf3 Kf8 39.Ke4 Ke8 40.d4 Bb8 41.Bf5 Kd8
42.f3 Bc7 43.Rd1 Ba5 44.Kxf4 Bb4 45.Ke4 Rc7 46.Kd3 Ke7 47.Kc4 a5 48.d5 
cxd5+ 49.Rxd5 b6 50.c6 Rxc6+ 51.Kb5 Rc5+ 52.Rxc5 bxc5 53.Kc4 Kd6 54.e7 
Kxe7 55.Kd5 Ba3 56.Bd3 c4 57.Bxc4 Bb2 58.f4 f5 59.h4 Kf6 60.h5 Bc1 61.Be2 
Bxf4 62.Kd4 Kg5 63.Kd5 Bc1 64.Kd4 Kf4 65.Bd1 Kg3 66.Ke5 f4 67.Ke4 Bb2 68.
Be2 1/2-1/2

[Event "2. liga D 17/18, Eurobit-Namest nad Oslavou"]
[Site ""]
[Date "2017.11.19"]
[Round "3.4"]
[White "Miculka, David"]
[Black "Holasek, Pavel"]
[WhiteElo "2084"]
[BlackElo "2117"]
[Result "0-1"]

1.e4 c5 2.Nf3 e6 3.d3 d5 4.Nbd2 Nf6 5.g3 b6 6.Bg2 Bb7 7.e5 Nfd7 8.O-O Nc6 
9.Re1 Be7 10.h4 Qc7 11.Qe2 h6 12.Nf1 O-O-O 13.c3 Rdg8 14.g4 Qd8 15.h5 g6 
16.Bf4 gxh5 17.gxh5 Bh4 18.Rac1 Rg4 19.Bg3 Bxg3 20.Nxg3 Rhg8 21.Bh3 Rf4 
22.Qe3 Rxf3 23.Qxf3 Ncxe5 24.Qe2 d4 25.Bg2 Bxg2 26.Kxg2 Qh4 27.Rh1 Qf4 28.
cxd4 Qxd4 29.Rc3 Nf6 30.Qe3 Qd5+ 31.f3 Qd6 32.Rh3 Nd5 33.Qxh6 Nxc3 34.Qh7 
Rg5 35.bxc3 Nxd3 36.Kf1 Nf4 0-1

[Event "2. liga D 17/18, Eurobit-Namest nad Oslavou"]
[Site ""]
[Date "2017.11.19"]
[Round "3.5"]
[White "Hlavnicka, Jiri"]
[Black "Cizek, Antonin"]
[WhiteElo "2146"]
[BlackElo "2215"]
[Result "1/2-1/2"]

1.Nf3 Nf6 2.g3 g6 3.Bg2 Bg7 4.O-O d5 5.d3 O-O 6.Nc3 c5 7.Bf4 d4 8.Na4 Nfd7
9.c4 Nc6 10.a3 e5 11.Bd2 a5 12.Rb1 Re8 13.Ng5 h6 14.Ne4 Bf8 15.b4 axb4 16.
axb4 Nxb4 17.Nexc5 Nxc5 18.Nxc5 Bxc5 19.Bxb4 Bxb4 20.Rxb4 Re7 21.Qb3 Qa5 
22.Rb1 Ra7 23.Rb5 Qd2 24.Qb4 Qxb4 25.R5xb4 Kf8 26.Bd5 1/2-1/2

[Event "2. liga D 17/18, Eurobit-Namest nad Oslavou"]
[Site ""]
[Date "2017.11.19"]
[Round "3.6"]
[White "Miculka, Petr"]
[Black "Sykora, Josef"]
[WhiteElo "2020"]
[BlackElo "2068"]
[Result "1/2-1/2"]

1.e4 c5 2.Nf3 d6 3.c3 Nf6 4.h3 Nc6 5.Bd3 e5 6.O-O Be7 7.Re1 O-O 8.Bc2 Qc7 
9.d3 b5 10.Be3 Bb7 11.Nbd2 d5 12.exd5 Nxd5 13.Ne4 Nxe3 14.fxe3 h6 15.d4 
exd4 16.exd4 cxd4 17.Nxd4 Nxd4 18.cxd4 Rad8 19.Qd3 f5 20.Bb3+ Kh8 21.Rac1 
Qb6 22.Nc3 Rxd4 23.Qxb5 Bc5 24.Qxb6 Bxb6 25.Kh2 f4 26.Rcd1 f3 27.gxf3 Bxf3
28.Rxd4 Bxd4 29.Rf1 Be5+ 30.Kg1 Bd4+ 31.Kh2 Be5+ 32.Kg1 Rf6 33.Bc2 g5 34.
Bd1 Bd4+ 35.Kh2 Bxd1 36.Rxf6 Bxf6 37.Nxd1 1/2-1/2